00745 2200241 4500001002100000005001500021035002000036007000300056008004100059020002200100082001200122084001900134100003300153245015700186250001000343260004100353300002700394650002300421700001800444700001900462990001100481990001100492INLIS00000000000314920190207094606 a0010-0219000091ta190207 g 0 ind  a978-979-592-784-6 a297.161 a297.161 ZAK d0 aZAKI, bin Muhammad Abu Sari'1 aDi Pintu-Mu Aku Bersimpuh :bKisah Orang-orang Bertaubat dalam Al-Qur'an /cZaki bin Muhammad Abu Sari'; penerjemah, Rony Nugroho; editor, Achmad Zirzis acet.1 aJakarta :bPustaka Al-Kautsar,c2017 axvii, 418 hlm ;c20 cm aISLAM.KISAH TAUBAT0 aRONY, Nugroho0 aACHMAD, Zirzis a6498 a a6498 b